000 00488nam a2200181Ia 4500
999 _c14238
_d14238
003 OSt
005 20201105133233.0
008 190216s9999||||xx |||||||||||||| ||und||
020 _a9788182130203
040 _coclc
082 _a823
_bBUR/B
100 _aBurle, Captain
_96300
245 0 _aBest Of Emile Zola /
_cCaptian Burle
260 _bP B D Publications,
_aNew Delhi:
300 _a352p
650 _aEnglish
942 _cBK
_2ddc
_h823
_iBUR/B
_k823
_mBUR/B